Najdłuższe granice stanów USA - Statystyki

Ogólne statystyki
  • Ten quiz został rozwiązany 11 razy
  • Średni wynik to 9 z 17
Statystyki odpowiedzi
Stany % Poprawnych
Arizona
88%
Kalifornia
88%
Teksas
88%
Nowy Meksyk
75%
Montana
63%
Nevada
63%
Oklahoma
63%
Idaho
50%
Kansas
50%
Oregon
50%
Dakota Południowa
38%
Luizjana
38%
Missisipi
38%
Wirginia
38%
Nebraska
25%
Wirginia Zachodnia
25%
Washington
13%
Nie znaleziono quizów pasujących do podanych kryteriów
Rozkład punktacji
Procent ludzi z każdym wynikiem
Percentyl według liczby udzielonych odpowiedzi
Twoja historia wyników
Nie rozwiązałeś tego quizu